000 01697ntm a22005657a 4500
005 20250908145147.0
008 160223b2013 xxu||||| |||| 00| | spa d
020 _a9788415442769
041 _aESP
082 _a363.254 AN627d
100 _aAnta, Juan Ángel
_94945
245 _aDetección del engaño
260 _aEspaña
260 _bTirant Humanidades
260 _c2013
300 _a164 páginas
490 _aInvestigación Criminal
650 _aINTERROGATORIA DE TESTIGOS
650 _aTIPOS DE COMUNICACIÓN
650 _aCOMUNICACIÓN CORPORALES
650 _aCOMUNICACIÓN CORPORAL
650 _aRASGOS CORPORALES
650 _aRASGOS FACIALES
650 _aRASGOS DE LAS MANOS
650 _aRASGOS DE LAS PIERNAS
650 _aRASGOS POSTURALES
650 _aCOMUNICACIÓN VERVAL
650 _aFALSEDAD DE LAS PALABRAS
650 _aELEMENTOS ESPECÍFICOS DEL DELITO
650 _aCOMUNICACIÓN VERBO-CORPORAL
650 _aCOMUNICACIÓN CORPORAL
650 _aCOMUNICACIÓN VERBAL
650 _aTEMOR
650 _aRELACIÓN ENTRE LOS RASGOS DE LA COMUNICACIÓN VERBO-CORPORAL Y LAS EMOCIONES
650 _aDETECCIÓN DE ENGAÑO
650 _aCOMPORTAMIENTO CORPORAL
650 _aINCONGRUENCIAS
650 _aDESLICES
650 _aSECUENCIA Y SINCRONIZACIÓN
650 _aINDICIOS DE ENGAÑO Y DE VERACIDAD
650 _aCONTEXTO
650 _aPREGUNTAR
650 _aFASES DE LA ENTREVISTA COGNITIVA
650 _aÁMBITO JUDICIAL
650 _aÁMBITO DE LA JUSTICIA JUVENIL
650 _aÁMBITO POLICIAL
650 _aÁMBITO VICTIMOLÓGICO
650 _aÁMBITO EMPRESARIAL
942 _cBK
_2ddc
999 _c7682
_d7682